Handbook of flotation reagents: chemistry, theory and practice: flotation of sulfide ores

Guardat en:
Dades bibliogràfiques
Autor principal: Bulatovic, Srdjan M (Autor)
Format: Llibre
Idioma:anglès
Publicat: Amsterdam Elsevier 2007
Edició:1a. ed
Matèries:
Etiquetes: Afegir etiqueta
Sense etiquetes, Sigues el primer a etiquetar aquest registre!

MARC

LEADER 00000nam a2200000 a 4500
001 UCI6280
003 CL-VaPUC
008 080425e20070000NE |||||||||||||||||eng|d
020 |a 9780444530295 
082 0 4 |a 622.752  |b BUL  |2 21 
100 0 |a Bulatovic, Srdjan M  |e author  |9 529054 
245 1 0 |a Handbook of flotation reagents: chemistry, theory and practice: flotation of sulfide ores 
250 |a 1a. ed 
300 |a 446 p 
942 |c BK 
945 |d 20080425 00:00:00  |a jtorresc 
260 |a Amsterdam  |b Elsevier  |c 2007 
650 7 |a REACTIVOS DE FLOTACION  |2 CL-VaPUC  |9 529055 
650 0 |a Metalurgia  |9 263720 
583 |a last modification  |c 20080425 00:00:00  |k Rodrigo Vera 
999 |c 329805  |d 329803 
952 |0 0  |1 0  |4 0  |6 622_752000000000000_BUL_2007  |7 0  |8 A  |9 414901  |a BIBING  |b BIBING  |d 2019-11-22  |i 4434048  |l 5  |m 3  |o 622.752 BUL 2007  |p 4434048  |r 2025-04-30  |s 2025-04-14  |w 2019-11-22  |y BK  |k EIQ